[Event "EU-chT (Men) 19th"]
[Site "Warsaw"]
[Date "2013.11.08"]
[Round "1.2"]
[White "Volokitin, Andrei"]
[Black "Dragun, Kamil"]
[Result "1-0"]
[WhiteElo "2682"]
[BlackElo "2543"]
[Annotator "Volokitin,A"]
[PlyCount "53"]
[EventDate "2013.11.08"]
[EventType "team-swiss"]
[EventRounds "9"]
[EventCountry "POL"]
[SourceTitle "CBM 158"]
[Source "ChessBase"]
[SourceDate "2014.01.16"]
[SourceVersion "1"]
[SourceVersionDate "2014.01.16"]
[SourceQuality "1"]
[WhiteTeam "Ukraine"]
[BlackTeam "Poland Futures"]
[WhiteTeamCountry "UKR"]
[BlackTeamCountry "POL"]

1. e4 c5 2. Nf3 d6 3. d4 cxd4 4. Nxd4 Nf6 5. Nc3 a6 6. Be3 e5 7. Nb3 Be6 8. h3
Be7 9. f4 {Ich habe diesen Zug zum ersten Mal während der Meisterschaft der
Ukraine in der Partie Kryvoruchko-Areshchenko gesehen. Später habe ich erahren,
dass tausende Computer-Partien damit gespielt worden sind.} exf4 ({Die andere
Variante - jedenfalls bei den Enginies - ist} 9... Nc6 10. f5 Bxb3 11. axb3 Nb4
$13) 10. Bxf4 Nc6 $1 {Dies ist wichtig, um den Zug Qf3 zu vermeiden.} ({Nach} 
10... O-O $6 11. Qf3 $1 Nc6 12. O-O-O $14 {Kryvoruchko-Areshchenko 2013; kann
Schwarz nicht ...Ne5 spielen.}) 11. Qe2 ({Nach} 11. Qf3 $6 {folgt} Ne5 $1 $15 {
mit Tempo!}) 11... Nd7 12. O-O-O Nce5 13. Nd4 O-O ({Genauer ist} 13... Rc8 $1 {
mit der Idee auf c3 zu nehmen. Weiß muss den Punkt c3 verteidigen.} 14. Qe3 O-O
{Jetzt hat Weiß zwei Möglichkeiten - 15.Nf5 oder einfach 15.Kb1. In beiden
Fällen mit kompliziertem Spiel.}) 14. Nf5 Rc8 15. Nd5 {Nun sehen wir den
Unterschied zwischen 13...Rc8 und 13...0-0: Weiß besitzt hier die zusätzliche
Möglichkeit Nd5 - ohne vorher Qe3 spielen zu müssen.} Bxd5 16. Rxd5 Rc5 $2 {
Der kritische Moment der Partie. Die Idee die Türme zu tauschen ist langsam
und falsch.} ({Ich hatte gerechnet mit} 16... Nb6 $2 17. Bxe5 $1 Nxd5 18. Bxg7
Bg5+ (18... Nb4 19. c3 $18) 19. Kb1 Ne3 $1 20. Nxe3 Kxg7 21. Nd5 $14 {mit
positionellem Vorteil für Weiß.}) ({Nach der Partie zeigte der Computer einen
starken Zug:} 16... Re8 $1 {ein Baueropfer} 17. Kb1 ({Nach} 17. Nxd6 $6 Bxd6
18. Rxd6 Nc4 $1 19. Rd4 Qf6 20. Rxc4 Rxc4 21. Qxc4 Qxf4+ 22. Kb1 Nf6 23. Bd3
Qg3 $1 {steht Schwarz sogar etwas besser.}) (17. Rxd6 Qc7 18. Nxe7+ Rxe7 19.
Rd4 Nc5 20. Kb1 Ne6 21. Bxe5 Qxe5 22. Rd5 Qc7 23. Qd2 Nc5 24. Bd3 Nxe4 25. Bxe4
Rxe4 26. Rd1 (26. Rd7 Qc6 27. Rf1 Re2 $1 $11) 26... g6 $11 {Die Stellung ist
ausgeglichen}) 17... Qc7 18. g3 b5 $132 {Im Vergleich zur Partie hat Schwarz
gutes Gegenspiel.}) 17. Qd2 $1 $14 {Jetzt steht Schwarz unter Druck.} Rxd5 18.
Qxd5 {Ohne den Turm auf c8 hat Schwarz kein Gegenspiel.} Bg5 19. g3 $1 {
Vielleicht hat mein Gegner diesen Zug übersehen} Bf6 {Panik.} ({Nach dem
geplanten} 19... Bxf4+ 20. gxf4 Ng6 21. Qxb7 Nc5 22. Qc6 Nxf4 23. Nxd6 $16 {
hat Weiß einen Bauern mehr.}) 20. Be2 $1 $16 {Die Entwicklung der Figuren ist
wichtiger als den Bauern zu nehmen} Nb6 21. Qxb7 $18 {In nur fünf Zügen hat
Schwarz eine verlorene Stellung bekommen.} Na4 22. Rd1 {Menschlich gespielt.} (
{Der Computer spielt sehr kaltblütig:} 22. Qxa6 Nxb2 23. c3 $3 Qb8 24. Bxe5
dxe5 (24... Bxe5 25. Ne7+ Kh8 26. Nc6 $18) 25. Bb5 $1 $18) 22... Qa5 {Am Ende
hat mein Gegner einen schönen Zug übersehen:} 23. b4 $1 Qd8 24. Rxd6 Qe8 25.
Rxf6 $1 Nc3 ({Nach} 25... gxf6 {folgt} 26. Qxa6 $1 Nc3 27. Qxf6 Nxe2+ 28. Kb1
Nc3+ 29. Ka1 {mit Matt.}) 26. Ne7+ $1 Kh8 27. Bxe5 1-0

[Event "EU-Cup 27th"]
[Site "Rogaska Slatina"]
[Date "2011.09.30"]
[Round "6"]
[White "Volokitin, Andrei"]
[Black "Bologan, Viktor"]
[Result "1-0"]
[WhiteElo "2686"]
[BlackElo "2657"]
[Annotator "Volokitin,A"]
[PlyCount "139"]
[EventDate "2011.09.25"]
[EventType "team-swiss"]
[EventRounds "7"]
[EventCountry "SLO"]
[SourceTitle "CBM 145"]
[Source "ChessBase"]
[SourceDate "2011.11.11"]
[SourceVersion "1"]
[SourceVersionDate "2011.11.11"]
[SourceQuality "1"]
[WhiteTeam "SOCAR"]
[BlackTeam "Tomsk 400"]
[WhiteTeamCountry "AZE"]
[BlackTeamCountry "RUS"]

1. e4 c5 2. Nf3 d6 3. d4 cxd4 4. Nxd4 Nf6 5. Nc3 a6 6. Be3 e5 7. Nf3 Nc6 {
Eine Überraschung. Ich habe nun ein wenig nachgedacht.} 8. Bc4 ({Ich dachte
auch an} 8. Nd2 {, aber nach} d5 9. Nxd5 Nxd5 10. exd5 Qxd5 11. Nc4 Qxd1+ 12.
Rxd1 Be6 {sieht es zu wenig für Weiß aus.} 13. c3 Rd8 $11) 8... Be6 9. Bb3 ({
Interessant war auch} 9. Nd5 Bxd5 10. Bxd5 Ne7 $5 {Hier muss Weiß einen Bauern
opfern.} 11. Bb3 (11. Bxb7 $6 Rb8 12. Bd5 Nexd5 13. exd5 Qa5+ 14. Qd2 Qxd2+ 15.
Kxd2 Nxd5 {ist sogar etwas besser für Schwarz.}) 11... Nxe4 12. O-O {Weiß
besitzt Kompensation, aber mein Gegner könnte vielleicht eine Analyse von
dieser Stellung haben, deswegen habe ich einfacher gespielt.}) 9... h6 {
Sonst keine Idee von 7...Nc6.} 10. O-O Na5 11. Nd5 $1 $14 ({Nach} 11. Bxe6 fxe6
12. Nh4 Rg8 {ist die Verbesserung der schwarzen Struktur wichtiger als der
Verlust der Rochade.}) 11... Nxd5 ({Ich habe auch gerechnet} 11... Nxb3 12. Bb6
Qd7 13. Nc7+ Qxc7 (13... Ke7 $2 14. cxb3 Rc8 15. Rc1 $16) 14. Bxc7 Nxa1 15. c3
$1 Rc8 16. Ba5 Nb3 17. axb3 $14) 12. Bxd5 Be7 13. b3 {Während der Partie
wollte ich zu c4 kommen und b4, a3 nachfolgen lassen, aber ich habe das
sofortie b4! übersehen.} (13. b4 $1 Nc6 14. c4 Nxb4 (14... O-O 15. a3 $14) 15.
Qa4+ Nc6 16. Rab1 Qc8 17. Rb6 O-O 18. Rfb1 Nd8 19. c5 $1 dxc5 20. Nxe5 $14 {
Weiß hat volle Dominanz.}) 13... O-O 14. c4 Nc6 {Nach der Eröffnung hat Weiß
eine angenehme Stellung bekommen, ohne Gegenspiel für Schwarz. Aber wie kann
man die Stellung verbessern? Ich habe 30 Minuten nachgedacht und entschied
mich, meine Figuren umzugruppieren.} 15. Ne1 $5 {Der Springer will nach c2.}
Qd7 16. Nc2 b5 {Logisch. Schwarz will Gegenspiel bekommen.} (16... f5 $6 17.
exf5 Rxf5 18. Qd3 $14) 17. Qd3 {Die Dame zieht nach b5.} Rab8 ({Nach} 17...
bxc4 {wollte ich mit dem Läufer nehmen.} 18. Bxc4 Bxc4 19. Qxc4 a5 20. Qd5 Rfc8
21. Rfd1 $14 {und Schwarz hat kein Gegenspiel.}) 18. Rfd1 Rfc8 19. Bxe6 $1 {
Rechtzeitig, weil Schwarz nun schlecht mit dem Bauern wiedernehmen kann.} Qxe6
(19... fxe6 20. c5 $1 Rd8 21. cxd6 Bxd6 22. Qe2 $14) 20. cxb5 axb5 21. Rac1 Qg6
22. h3 Rc7 $2 {Die Verdoppelung der Türme hat einhe taktische Widerlegung. Der
Zug ...Qg6 war mit der Idee ...Bg5 verbunden. In dieser Position war deshalb ..
.Bg5 sehr logisch.} (22... Bg5 $1 23. a4 $1 (23. Bxg5 Qxg5 24. Na3 Kh7 $3 {
Die Idee dieses Computerzuges besteht darin, dass Weiß ohne Schach auf c8
nimmt.} (24... Nb4 25. Rxc8+ Rxc8 26. Qf3) 25. Qf1 Qf4 26. Nxb5 Rxb5 $1 27.
Rxc6 Rxc6 28. Qxb5 Rc2 29. Qf1 Rxa2 $11) (23. Qxd6 Qxe4 $1 $11 (23... Qxd6 $2
24. Rxd6 $16)) 23... bxa4 24. bxa4 $14) 23. a3 Rbc8 {Jetzt hatte ich schon
wenig Zeit, aber ich habe die schöne Kombination gesehen.} 24. Bb6 Rb7 25. Nb4
$3 Rxb6 26. Qd5 {Plötzlich hat Weiß eine strategisch gewonnene Stellung
bekommen.} Bg5 (26... Na7 27. Rxc8+ Nxc8 28. Qa8 $18) 27. Rxc6 Rcxc6 28. Nxc6
Kh7 29. Na7 $18 {Sehr stark. Ich war in diesen Moment in Zeitnot, aber es gibt
hier keine Probleme die Züge zu finden.} Qh5 30. Re1 f5 {Viktor stellt noch
eine Falle.} 31. Nxb5 ({Nach} 31. exf5 $2 Qe8 $1 {hat Weiß einige Probleme.}) (
31. Nc8 $5 $18) 31... fxe4 32. Qxe4+ $2 {Der este Fehler.} ({Stärker war} 32.
Rxe4 $1 Qe8 33. a4 $18 {mit voller Dominanz. Weiß gewinnt sehr leicht.}) 32...
Qg6 33. a4 (33. Qd5 $18 {Besser war es zurückzuziehen.}) 33... Bd2 $1 34. Qxg6+
Kxg6 35. Rd1 Bb4 36. Kf1 {Ein Zeitnotzug.} Rc6 $1 37. a5 Rc2 38. Nxd6 Bxa5 39.
Nc4 Bc3 40. Rd6+ Kh7 {Die Zeitnotphase ist vorbei. Ich war sehr enttäuscht
über meine Stellung. Ich dachte, dass Schwarz nun sehr gute Remischancen hat.
Ich habe den besten Zug gemacht.} 41. g3 $1 $14 Bd4 $2 {Es ist schwer zu
glauben, aber ich denke, dass dieser Zug ein Fehler ist. Schwarz muss seinen
Bauern auf e5 für den Bauern auf b3 tauschen. Der Textzug lässt Weiß einen
zweiten Freibauern bekommen.} ({Besser war} 41... e4 $1 42. h4 Bf6 43. h5 Rc3
44. Re6 Rxb3 45. Rxe4 Rb5 $14 {Die Bauern sind am selben Flügel. Schwarz
besitzt gute Remischancen.}) 42. f4 Rf2+ ({Nach} 42... Bf2 43. fxe5 Bxg3 44.
Rd3 Bh4 45. Rd4 Be7 46. Ne3 {hat Schwarz auch große Schwierigkeiten Remis zu
halten.}) 43. Ke1 Rf3 44. fxe5 Bc5 45. Rd5 Bb4+ 46. Ke2 Rxg3 47. Rd3 Rg1 48.
Kf3 {Meiner Meinung nach ist diese Stellung objektiv verloren für Schwarz.
Weiß hat einen klaren Plan: der König zieht nach d5, dann geht der Springer
auf d4 oder d6.} Kg6 49. Ke4 (49. Nd6 $5 $18 {war auch sehr stark.}) 49... Kf7
50. Kd5 $18 Ke7 $2 {Es war besser, seine Bauern zu bewegen.} ({Ein Beispiel:} 
50... h5 51. Nd6+ Bxd6 52. Kxd6 g5 53. b4 g4 54. hxg4 hxg4 55. b5 Rb1 56. e6+
Kf6 57. Re3 Rd1+ 58. Kc7 Rc1+ 59. Kb8 Ke7 60. b6 Rf1 61. b7 Rf3 62. Re4 g3 63.
Kc7 Rc3+ 64. Kb6 Rb3+ 65. Kc6 Rc3+ 66. Kd5 Rb3 67. Rg4 $18) 51. Ne3 Rg5 52. Nc2
Bd6 53. Re3 Kd7 54. Nd4 Bc7 55. Ne6 {Am einfachsten.} Rg1 56. Nxc7 Kxc7 57. Ke6
$1 g5 58. Kf7 g4 59. hxg4 Rxg4 60. e6 Rf4+ 61. Ke8 h5 62. e7 h4 63. Rc3+ Kb7 (
63... Kb6 64. Kd7 Rd4+ 65. Ke6 Re4+ 66. Kd6 Re2 67. Rc8 $18) 64. Rc4 $1 {
Der stärkste Zug.} Rxc4 65. bxc4 h3 66. Kd7 h2 67. e8=Q h1=Q 68. Qc8+ Kb6 69.
Qc7+ Ka6 70. Qc6+ 1-0

[Event "San Francisco"]
[Site "San Francisco"]
[Date "1995.??.??"]
[Round "1"]
[White "Xie, Jun"]
[Black "De Firmian, Nick E"]
[Result "1/2-1/2"]
[WhiteElo "2515"]
[BlackElo "2590"]
[Annotator "Wahls,M"]
[PlyCount "84"]
[EventDate "1995.??.??"]
[EventType "game"]
[EventCountry "ARG"]
[SourceTitle "CBM 046"]
[Source "ChessBase"]
[SourceDate "1995.06.01"]
[SourceVersion "1"]
[SourceVersionDate "1995.06.01"]
[SourceQuality "1"]

1. e4 {Ernst} c5 2. Nf3 d6 3. d4 cxd4 4. Nxd4 Nf6 5. Nc3 a6 6. Be3 e5 7. Nf3 (
7. Nb3 {(Idee Dd2,f3,0-0-0) führt zu bedeutend schärferen Stellungen.}) 7...
Be7 $5 {Schwarz verzichtet darauf die "Drohung"8.Lc4 mittels (des
gebräuchlicheren )7..Dc7 zun verhindern.} 8. Bc4 (8. a4 {ist harmlos.} O-O $10
(8... Nc6 9. Be2 (9. Bc4 h6 (9... O-O 10. O-O Be6 11. Bb3 Na5 12. Bxe6 fxe6 13.
Qd3 Rc8 14. Rfd1 Nh5 15. Ne2 h6 16. b3 Qe8 17. c4 Qg6 18. Bd2 Nc6 19. b4 Kh8
20. Rdc1 d5 21. Ng3 Nxg3 22. hxg3 dxe4 23. Qc2 Qf5 24. Nh2 Nd4 25. Qd1 Qxf2+
26. Kh1 Ne2 27. Ng4 Nxg3+ 28. Kh2 Nf1+ 29. Kh1 Qxd2 {0-1 Seltzer,R-Byrne,R/
Philadelphia World op (08) ;TD 92\05 1992}) 10. O-O O-O 11. Qd2 Kh7 12. h3 Be6
13. Be2 d5 14. exd5 Nxd5 15. Nxd5 Qxd5 16. Qc3 e4 17. Rfd1 Bb4 18. Rxd5 Bxc3
19. bxc3 Bxd5 20. Nd2 Ne5 21. c4 Bc6 22. a5 f5 23. Bd4 Rfe8 24. Rb1 Rad8 25.
Be3 g5 26. Nb3 Re7 27. Nd4 Kg6 28. Nxc6 Nxc6 29. Rb6 Kg7 30. Bc1 Kh7 31. Bh5
Red7 32. Bb2 Rg8 33. Bc3 Rb8 {King,A-Macekova,M/WchJW U18 Bratislava (04) ;TD
93\05 1993/0-1 (66)}) 9... O-O 10. O-O Rb8 (10... Be6 11. Bg5 Rc8 12. Qd2 Qa5
13. Rfd1 Rfd8 14. Rac1 Kf8 15. Bxf6 Bxf6 16. Nd5 Qxd2 17. Rxd2 Na5 18. Re1 Nc4
19. Bxc4 Rxc4 20. b3 Rcc8 21. Ne3 b5 22. axb5 axb5 23. Red1 Be7 24. Ra1 g6 25.
g4 b4 26. h3 Bd7 27. Ne1 {1/2-1/2 Ciemniak,R-Wojtkiewicz,A/POL-chT (Lubniewice)
;TD 93\08 1993}) 11. Nd5 b6 12. Nd2 Nxd5 13. exd5 Nb4 14. Nc4 a5 15. c3 Na6 16.
Qb3 Nc5 17. Bxc5 dxc5 18. Nxe5 Bb7 19. Rad1 Bd6 20. Nc6 Bxc6 21. dxc6 Qc7 22.
g3 {1/2-1/2 Mendez,Ed-Alonso,Re/CUB-ch (07) ;TD 93\10 1993}) (8... Ng4 $5 {[#]}
9. Bc1 Be6 10. Be2 Nc6 11. O-O Nf6 12. Bg5 O-O 13. Qd2 Qa5 14. Bxf6 {1/2-1/2
Fedorowicz,J-Wojtkiewicz,A/1st Murphy-ACF Int'l (2) 1994}) (8... Be6 $6 9. Be2
(9. Ng5 $5 Bg4 10. Be2 Bxe2 11. Qxe2 h6 12. Nf3 Nbd7 13. O-O Rc8 14. Rfd1 Qc7
15. a5 Qc4 16. Qxc4 Rxc4 17. Nd2 Rc6 18. Ra4 Kd8 19. Nc4 Kc8 20. f3 Kb8 21. b3
g5 22. Ne2 Nh5 23. Rd2 Ng7 24. g4 h5 25. h3 hxg4 26. hxg4 Rh6 27. Ra1 Rc8 28.
Rad1 Rch8 29. Ng3 Kc7 30. Bf2 Kc6 31. Rd3 Kc7 32. R1d2 R8h7 33. Kf1 Rh8 {
Ree,Hans-Parameswaren,Tiruchy/Bangalore 1981/1/2-1/2 (47)}) 9... Nc6 10. Nd5
O-O 11. Bb6 Qd7 12. Nxf6+ Bxf6 13. c4 Rac8 14. O-O Be7 15. b3 f5 16. exf5 Rxf5
17. Nd2 d5 18. Bg4 Rf4 19. Bxe6+ Qxe6 20. Be3 Rf6 21. cxd5 Qxd5 22. Nc4 Nd4 {
[#]} 23. Nxe5 Bc5 24. Rc1 Rff8 25. Rxc5 Rxc5 26. Qxd4 Qxd4 27. Bxd4 Rd5 28. Rd1
Rfd8 29. Nf3 Rc8 30. g3 Rf8 31. Kg2 h6 32. Rd2 Rfd8 33. h4 {Hetey,L-Truhn,A/
GER-chJI U20 Hamburg ;TD 93\05 1993/1-0 (50)}) 9. Bc4 {1/2-1/2 Karolyi,
T-Danner,G/HUN-chT 9394 ;TD 94\03 1994} (9. a5 Nc6 $5 (9... Nbd7 10. Nd2 b5 11.
axb6 Nxb6 12. Nc4 Nxc4 13. Bxc4 Be6 14. Qd3 Qb8 15. Bxe6 fxe6 16. O-O Qb7 17.
Ra3 d5 18. Rb3 Qd7 19. Bg5 d4 20. Bxf6 Bxf6 21. Nb1 Qc6 22. Re1 a5 23. Na3 Be7
24. g3 Bb4 25. Re2 Rfc8 26. Qd1 Rab8 27. Nb1 a4 28. Rd3 Be7 29. c3 Bc5 30. Kg2
Rb7 31. f4 Rcb8 32. b4 axb3 33. fxe5 dxc3 34. Rxc3 {Panchev,P-Womacka,M/
Karl-Marx-Stadt ;EXP 18 1990/0-1 (54)}) (9... Be6 10. Ng5 d5 11. Nxe6 fxe6 12.
exd5 Nxd5 13. Qg4 Nxe3 14. Qxe6+ Kh8 15. fxe3 Nc6 16. Bd3 Bh4+ 17. g3 Qg5 18.
O-O-O Qxe3+ 19. Kb1 Bg5 20. Ne4 Be7 21. c3 Rad8 22. Bc2 Qh6 23. Qxh6 gxh6 24.
b4 Kg7 25. Bb3 Rxd1+ 26. Rxd1 Rd8 27. Rxd8 Bxd8 28. Be6 Na7 29. Kc2 Be7 30. Kd3
Nc6 31. Kc4 Nd8 32. Bc8 Bg5 33. Nd6 Nf7 34. Nxf7 Kxf7 35. Bxb7 Ke7 36. Bxa6 Kd6
37. Bb7 Be3 38. Be4 {1-0 Arencibia,W-Alonso,Re/CUB-ch (02) ;TD 93\10 1993}) 10.
Bb6 Qe8 11. Nd2 Be6 12. Nc4 Qd7 13. Qd2 Rac8 14. Ne3 Bd8 15. Bxd8 Qxd8 16. Ned5
Nxe4 17. Nxe4 Bxd5 18. Qxd5 Nb4 19. Qd1 Nxc2+ 20. Kd2 Nxa1 21. Qxa1 d5 22. Ng3
Qg5+ 23. Kd1 Rc7 24. Qb1 Rfc8 25. Ne2 Rc2 26. Qxc2 Rxc2 27. Kxc2 Qf5+ 28. Kb3
Qxf2 29. Nc3 d4 30. Nd5 d3 31. Nc3 e4 32. Nxe4 Qc2+ 33. Ka3 d2 34. Nxd2 Qxd2
35. b4 Qc3+ 36. Ka4 Qc1 37. Kb3 Kf8 38. h4 Ke7 39. g4 Qd1+ 40. Kc4 Qxg4+ {
0-1 Arnason,J-Kengis,E/Reykjavik op (06) ;EXP 39 1994}) (9. Be2 h6 10. O-O Be6
11. Nd2 Qc7 12. f4 exf4 13. Rxf4 Nbd7 14. Nf1 Ne5 15. Ng3 g6 16. Qd2 h5 17. h3
Nh7 18. Nf1 Rac8 19. Rf2 Bh4 20. g3 Be7 21. Kh2 Qd7 22. Bh6 Rfe8 23. h4 Nf6 24.
Ne3 Rxc3 25. Qxc3 Nxe4 26. Qe1 Nxf2 27. Qxf2 Qc6 28. b3 d5 29. Rd1 Qc5 30. Qf4
Nc6 31. c4 d4 32. Nd5 Bxd5 33. cxd5 Bd6 34. Qf3 Ne7 35. Bd3 Qxd5 36. Be4 Qe5
37. Rf1 Nf5 38. Bf4 Qxe4 39. Bxd6 Qxf3 40. Rxf3 Nxd6 {0-1 Mueller,
Ka-Ostermeyer,P/BL 8889 (1989) ;BL 1989}) (9. Bc4 Be6 10. Qe2 Qc7 11. Nd2 Nc6
12. O-O Nb4 13. Bb3 d5 14. Bg5 Nxe4 15. Ndxe4 dxe4 16. Bxe7 Qxe7 17. Bxe6 Qxe6
18. Qxe4 {1/2-1/2 Arnason,Jon-Byrne,Robert/Reykjavik tt (01) 1986})) 8... O-O
9. O-O Be6 {Die positionelle Rechtfertigung von 7..Le7 ist diese
Läuferopposition.Da sich 10.Le6 aufgrund derStärkung des schwarzen Zentrums
verbietet,verliert Weiß ein Tempo.} 10. Bb3 (10. Qd3 $5 {Weiß setzt seine
Entwicklung geradlinig fort.Die Partie der beiden Supergroßmeister zeigt
instruktiv,wie Schwarz bei unbedarftem Spiel unter Druck gerät.Zu beachten
sind deshalb die Alternativen 10..Dc7 und 10..Lc4.} Nc6 (10... Nbd7 $2 11. Bxe6
fxe6 12. Qc4) (10... b5 11. Bd5 Nxd5 12. Nxd5 Bxd5 13. Qxd5 Nd7 14. Rfd1 Nf6
15. Qd3 h6 16. a4) (10... Qc7 11. Nd5 (11. Bb3 h6 12. Rfd1 Nbd7) 11... Nxd5 12.
Bxd5 Bxd5 13. Qxd5 Nd7 14. c4 (14. c3 Qc6) 14... Qc6 $5 (14... Nf6 15. Qd3 Qc6
(15... h6) 16. Bg5) 15. Qxc6 (15. Qd3 f5) (15. Nd2 Qxd5 16. cxd5 f5 17. f3 Rac8
18. Rfc1 Nf6 $10) 15... bxc6 16. b4 d5) (10... Bxc4 $5 11. Qxc4 b5 12. Qd3 Nbd7
) 11. a3 Na5 (11... Rc8 12. Bd5) 12. Bxe6 fxe6 13. Na4 $1 Nd7 14. b4 Nc6 15. c4
Qe8 16. Nd2 Kh8 17. Nb3 $14 Qg6 18. Nb6 Nxb6 19. Bxb6 Rac8 20. Rad1 Rf7 21. f3
h6 22. b5 Nb8 23. a4 Bf8 24. Be3 Nd7 25. bxa6 bxa6 26. Rb1 Rc7 27. Nd2 Be7 28.
Rb3 Rf8 29. Rfb1 Rfc8 30. Rb7 Qe8 31. Rxc7 {1/2-1/2 Shirov,A-Gavrikov,V/Zurich
(10) 1994}) (10. Bd5 Nc6 11. Bxe6 fxe6 12. Ng5 Qd7 13. Na4 Bd8 14. Re1 h6 15.
Nf3 Nxe4 16. Qd3 Nf6 17. Qg6 Ne7 18. Qg3 Qxa4 19. Qh3 Qg4 20. Rad1 Qxh3 21.
gxh3 {0-1 Guliev,L-Yuferov,S/Kstovo op (07) ;EXP 42 1994}) (10. Qe2 Bxc4 11.
Qxc4 b5 12. Qd3 Nbd7 13. Rad1 b4 14. Nd5 Nxd5 15. Qxd5 Qc7 16. Rfe1 Nf6 17. Qd3
Rfc8 18. Rd2 Qa5 19. Bg5 Qxa2 20. Bxf6 Bxf6 21. b3 a5 22. c4 Qa3 23. Rb1 a4 24.
Rdb2 d5 25. cxd5 Qxb2 26. Rxb2 Rc1+ 27. Qf1 Rxf1+ 28. Kxf1 a3 29. Ra2 Rc8 30.
Ne1 Be7 31. Nc2 Rc3 32. Na1 Rc1+ 33. Ke2 Rb1 34. Rc2 f6 35. Rc7 Kf8 36. Nc2
Rxb3 37. Ne3 a2 38. Ra7 Ra3 39. Rxa3 bxa3 40. Nc2 Bc5 {0-1 Zaitsev,I-Neverov,V/
Moscow 1989}) 10... b5 $5 {Dieser Aufbau,der ein Druckspiel in der c-Linie und
eine geschmeidigere Entwicklung des Damenspringers (nach c7) vorsieht,gefällt
nicht schlecht.} (10... Nc6 11. Bg5 (11. Qe2 Na5 12. Rfd1 Nxb3 13. cxb3 (13.
axb3 Qc7 14. Bg5 Rfc8 15. Bxf6 Bxf6 16. Ne1 Be7 17. Nd5 Qd8 18. c3 Bxd5 19.
Rxd5 Qb6 20. b4 Qc6 21. Nc2 Qc4 22. Qxc4 Rxc4 23. f3 Rc6 24. b5 Rb6 25. Nb4 a5
26. Ra4 g6 {1-0 Isupov,V-Titlianov,Y/Kemerovo ;TD 91\03 1991}) 13... Qb8 14.
Bg5 b5 15. Ne1 h6 16. Bxf6 Bxf6 17. Nc2 Bd8 18. Nb4 Bb6 19. Ncd5 Bc5 20. Nc6
Qb7 21. b4 Bxd5 22. exd5 Bb6 23. a4 Rfe8 24. Kf1 bxa4 25. Rxa4 Qc8 26. Rda1 Qf5
27. g3 e4 28. Rxa6 Rxa6 29. Rxa6 Bxf2 30. Qxf2 (30. Qxf2 Qxd5 31. Qe2 e3 32.
Kg1 Qd2 33. Kf1 Qd5 34. Kg1 Qd2 {1/2-1/2 Mainka,R-Skembris,S/Dortmund op-A (06)
;TD 92\03 1992}) 30... Qxd5 31. Qe2 e3 32. Kg1 Qd2 33. Kf1 Qd5 34. Kg1 Qd2 {
1/2-1/2 Mainka,R-Skembris,S/Dortmund op-A (06) ;TD 92\03 1992}) 11... Na5 (
11... Rc8 12. Bxf6 Bxf6 13. Nd5 Be7 14. Qe2 Na5 15. Rfd1 Nxb3 16. axb3 Qe8 17.
c4 Bd8 18. Ne1 f5 19. exf5 Bxf5 20. Nc2 Bg6 21. Rf1 Bg5 22. Ncb4 e4 23. Qg4 Qe5
24. Qe2 Rf7 25. Ne3 Rcf8 26. Qd2 Bh5 27. Nbd5 Bh4 28. g3 Bd8 29. Ng2 Bf3 {
1/2-1/2 Rubinchik-Neverov/corres ch USSR 1991}) 12. Bxf6 Bxf6 13. Nd5 Be7 14.
Qd2 Nxb3 15. axb3 Rc8 16. c3 Rc5 17. b4 Rc6 18. Rfd1 Bxd5 19. Qxd5 Qb6 20. Nd2
Rfc8 21. Nf1 Bg5 22. Ng3 g6 23. Rd3 {1/2-1/2 Fanouraki,N-Bekker Jensen,Ann/
EU-chJW U14 Herculane (08) ;TD 94\01 1994}) (10... h6 $5 11. Qd3 (11. Qe2 Qc7
12. Rfd1 Rc8 13. Nh4 Qd7 14. Na4 Bxb3 15. cxb3 Bd8 16. Nf5 d5 17. Nc5 Rxc5 18.
Bxc5 Nxe4 19. Qf3 Qe6 20. Qg4 Bg5 21. h4 Bf6 22. Be3 h5 23. Qxh5 d4 24. Qf3 Nc5
25. b4 Ncd7 26. Bg5 e4 27. Qg4 e3 28. fxe3 Ne5 29. Nh6+ Kh7 30. Qxe6 fxe6 31.
exd4 Bxg5 32. hxg5 Nec6 33. Nf7 Nxb4 34. Nd8 N8c6 35. Nxc6 Nxc6 36. d5 exd5 37.
Rxd5 Re8 38. Rd7 b5 39. Rd6 Nb4 40. a3 Nc2 41. Rc1 {1-0 Kotronias,V-Marjanovic,
S/Istambul 1988}) 11... Nc6 12. a3 Na5 13. Bd5 Rc8 14. Nd2 b5 15. a4 Nc4 16.
Nxc4 bxc4 17. Qd2 Bxd5 18. exd5 Ng4 19. Rfe1 Nf6 20. Rf1 Ng4 21. Rfe1 Nf6 22.
Rf1 {1/2-1/2 Ivanov-Sabitov/1983}) 11. Qe2 (11. Qd3 b4 (11... Nc6 $5 {Ide
Sc6-b4,Sc6-a5-c4}) 12. Nd5 Bxd5 13. Bxd5 Nxd5 14. Qxd5 (14. exd5 f5 $132) 14...
Nd7 15. Rfd1 Qc7 16. Rac1 Nf6 17. Qd3 Qa5) (11. Nd5 $5 {Ernst} Nc6 $5 (11...
Nxe4 $2 12. Bb6 $16) 12. Nxf6+ Bxf6 $14) 11... h6 (11... b4 $6 12. Nd5 Bxd5 13.
exd5 Nbd7 14. a3 {Vorteil Weiß}) (11... Nbd7 $2 12. Bxe6 fxe6 13. Ng5) 12. Ne1
Nbd7 13. Nd3 Qa5 14. a3 Rfc8 {Schwarz hat seine Entwicklung harmonisch beendet
und kann zufrieden sein.} 15. Qf3 (15. Nb4 {Ernst} Rxc3 $5 16. bxc3 Nxe4 $13)
15... Qd8 16. h3 Rab8 {Idee a5,b4} 17. Nb4 (17. Rfd1 {Ernst} a5 $1 {>< Nd3})
17... Bxb3 18. cxb3 a5 19. Nbd5 b4 {Weiß wird dazu gezwungen den Springer
entweder passiv zurückzuziehen,oder das Feld d5 mit einem Bauern zu besetzen.}
20. axb4 axb4 21. Nxf6+ Nxf6 22. Nd5 Nxd5 23. exd5 Bg5 (23... Rc2) 24. Ra7 Rc7
25. Rxc7 Qxc7 26. Rc1 Qe7 27. Rc6 Bxe3 28. Qxe3 h5 29. Qe2 g6 30. Qc4 Kg7 31.
Rc7 Qf6 32. Qa6 Rd8 33. Qb6 Ra8 34. Rc1 Ra2 35. Qxb4 Rxb2 36. Rf1 h4 37. Qc4
Rd2 38. b4 Rd4 39. Qb3 Qd8 40. Rd1 Rxd1+ 41. Qxd1 Qb6 42. Qd2 Qb5 1/2-1/2